00669 2200229 4500001002100000005001500021035002000036245008700056100003600143250001400179300004100193700003600234264003000270336002100300337002000321338002200341082000800363084001400371020002200385650001900407990001300426INLIS00000000000202620240813010823 a0010-08240001201 aRenungan Kalam Langit :bKitab Motivasi Pecinta Al-Qur'än /cAhsin Sakho Muhammad0 aAhsin Sakho MuhammadePengarang aCetakan 1 a228 halaman :bIlustrasi ;c13x19 cm0 aIbnu Muhammad SalimePenyunting bQaf Media Kreativa,c2017 2rdacontentaTeks 2rdamediaaCetak 2rdacarrieraCetak a2x1 a2x1 AHS r a978-602-61625-7-1 4aMotivasi Islam a24000138